| 000 | 00498nam a2200169 a 4500 | ||
|---|---|---|---|
| 001 | 000027574 | ||
| 005 | 20200930030932.0 | ||
| 008 | 110401s2011 dr ac 000 0 spa d | ||
| 020 | _a9789945877403 | ||
| 040 |
_aDO-SdBNP _bspa _cBNPHU |
||
| 082 |
_axxx _bC957l |
||
| 100 | 1 |
_aCruz, Adriano de la _97194 |
|
| 245 | 1 | 0 |
_aLecciones generales de periodismo / _cAdriano de la Cruz. |
| 260 |
_aSanto Domingo : _b[Impresos Mercedes], _c2011. |
||
| 300 |
_a178 p. : _bil., retrs. ; _c24 cm. |
||
| 049 | _aBNPD | ||
| 999 |
_c27066 _d27066 |
||